Taylor Swift - The Tortured Poets Department - Statistiken

Allgemein
  • Dieses Quiz wurde 202 mal gespielt
    130 seit der letzten Aktualisierung
  • Das Durchschnittsergebnis liegt bei 10 aus 16
Antwortstatistiken
Nein Track % Korrekt
1 Fortnight
98%
2 The Tortured Poets Department
82%
5 So Long, London
73%
14 The Smallest Man Who Ever Lived
73%
4 Down Bad
72%
13 I Can Do It With A Broken Heart
70%
8 Florida!!!
66%
6 But Daddy I Love Him
64%
10 Who's Afraid Of Little Old Me?
63%
16 Clara Bow
59%
3 My Boy Only Breaks His Favorite Toys
56%
15 The Alchemy
53%
9 Guilty as Sin?
52%
7 Fresh Out The Slammer
46%
11 I Can Fix Him (No Really I Can)
40%
12 loml
39%
Keine übereinstimmenden Quizze gefunden
Verteilung der Resultate
Anzahl Personen mit jedem Resultat
Perzentil nach korrekt beantworteten Fragen
Ihre Resultats-Entwicklung
Sie haben dieses Quiz seit der letzten Aktualisierung nicht gespielt